000 00313nam a2200133Ia 4500
008 190723s9999 xx 000 0 und d
020 _a978-3-319-54412-0
100 _aPeter Corke
245 0 _aRobotics, Vision and Control
250 _a2nd
260 _aBerlin
_bSpringer
_c2017
300 _a693:p
942 _cBK
999 _c1545
_d1545